Clubs des joueurs de la coupe du monde de rugby 2019 - Statistiques

Statistiques générales
  • Ce quiz a été pris 227 fois
  • Le résultat moyen est 8 sur 9
Statistiques - réponses
Nombre de joueurs Club % Correct
8 Toulouse
99%
4 Toulon
96%
1 Bordeaux
94%
6 Racing 92
94%
2 La Rochelle
92%
7 Clermont-Ferrand
91%
3 Montpellier
89%
2 Lyon
88%
2 Stade Français
88%
Aucun quiz correspondant
Distribution des résultats
% des personnes avec chaque résultat
Percentile par nombre de réponses
Votre historique - résultats
Vous n’avez pas pris ce quiz